000 00574nam a2200241 a 4500
001 nice12345678
003 IN_TiNIC
005 20260116011355.0
008 050524s1964 newa grp 000 0 urd
020 _a
_c4.25
082 0 0 _a181.07
_bAKB
100 _aAkbarabadi, Maikash
245 _aNaqd-E-Iqbal
260 _aNew Delhi
_bMaktaba Jamia
_c1964
300 _a280p
500 _aincludes index and biblioraphy
505 2 _aBibliography
650 _aPhilosophy-Islamic
700 1 _aAkbarabadi, Maikash
902 _bSRS
942 _cBK
999 _c966
_d966